000 00342nam a2200133 4500
005 20260530113906.0
100 1 _aMang Karl
_932817
245 1 0 _aHistory of Modern Furniture
264 1 _bVerlag Hatje Sttutgart
_c1978
300 _a180 páginas
336 _atexto
_2rdacontent
337 _asin medio
_2rdamedia
338 _avolumen
_2rdacarrier
999 _c11956
_d11956